| 000 | 01235nam a2200289 i 4500 | ||
|---|---|---|---|
| 001 | 67590 | ||
| 003 | ES-MaACL | ||
| 005 | 20230906170117.0 | ||
| 007 | t| | ||
| 008 | 040607s2003 sp ||||1| spa d | ||
| 020 | _a84-96228-29-0 | ||
| 080 | _a347.235(460) | ||
| 080 | _a347.952(460) | ||
| 245 | 0 | 0 |
_aJurisdicción y registro de la propiedad y mercantil _b: nuevas áreas de interés común / _cdirectores, Manuel Almenar Belenguer, Cristina Carbonell Llorens. |
| 260 |
_aMadrid : _bConsejo General del Poder Judicial, Centro de Documentación Judicial, _c2003 [i.e. 2004] |
||
| 300 |
_a368 p. ; _c23 cm. |
||
| 490 | 1 |
_aCuadernos de Derecho judicial ; _v43-2002 |
|
| 500 | _aEn la cub.: Escuela Judicial, Consejo General del Poder Judicial ; Colegio de Registradores de la Propiedad y Mercantiles. | ||
| 650 | 4 |
_aRegistro de la propiedad- _zEspaña. _916759 |
|
| 650 | 1 | 4 |
_aProcedimiento de ejecución- _zEspaña. _916426 |
| 700 | 1 |
_aAlmenar Belenguer, Manuel. _920135 |
|
| 700 | 1 |
_aCarbonell LLorens, Cristina. _935064 |
|
| 710 | 1 |
_aEspaña. _bConsejo General del Poder Judicial. _93650 |
|
| 830 | 0 |
_aCuadernos de Derecho judicial ; _v43-2002 _9188813 |
|
| 852 |
_aES-MaACL _jL-27819 _bR.133560 |
||
| 999 |
_c67590 _d67590 |
||